| 000 | 01000nac a22002537a 4500 | ||
|---|---|---|---|
| 001 | BR9902370 | ||
| 003 | BR-BrBNA | ||
| 005 | 20240312091747.0 | ||
| 008 | 230509b bl.|||m| |||| 00| 0 por d | ||
| 040 |
_aBR-BrBNA _bpor _cBiblioteca Nacional de Agricultura |
||
| 072 | _aA50; T01 | ||
| 090 |
_aA50 _bBR9902370 |
||
| 100 | 1 | _aRodrigues, Geraldo Stachetti | |
| 110 | 1 |
_aCentro Nacional de Pesquisa de Monitoramento e Avaliacao de Impacto Ambiental, Jaguariuna, SP (Brasil) _91791 |
|
| 245 | 1 | _aAvaliacao de impactos ambientais em projetos de pesquisa e desenvolvimento tecnologico agropecuario | |
| 260 | 3 |
_aJaguariuna, SP (Brasil): _c1998. |
|
| 300 | _a66 p. | ||
| 490 |
_aDocumentos - Centro Nacional de Pesquisa de Monitoramento e Avaliacao de Impacto Ambiental (Brazil) _vno. 14 _xISSN 1413-0084 |
||
| 500 | _aSummaries (En, Pt); 49 ref.; 6 illus.; 6 tables | ||
| 650 | _aProjeto de Pesquisa | ||
| 650 | _aImpacto Ambiental | ||
| 650 | _aDesenvolvimento Agricola | ||
| 942 |
_2AGRIS _n0 _cMS |
||
| 999 |
_c289897 _d289897 |
||